00528pab a2200157 454500008004000000100001900040245008500059260000900144300001200153362001700165650002700182650002900209650005100238650003400289773004700323180718b2000 xxu||||| |||| 00| 0 eng d aRajasekhar, D. aMicro-finance programmes and womens empowerment: a study of two NGOs from Kerala c2000 ap.76-94 aJan-Jun 2000 aWomen - India - Kerala aPoverty - India - Kerala aNongovernmental organizations - India - Kerala aNongovernmental organizations aJournal of Social and Economic Development